Gaming Quiz

Random Gaming Quiz

Heroes of the Storm Quiz Stats

 Plays Quiz not verified by Sporcle

Support Sporcle.
Go Orange.
Score 0/30 Timer 05:00
0 Plays Today
Answer % Correct
???
95%
???
95%
???
95%
???
95%
???
90%
???
90%
???
90%
???
90%
???
85%
???
85%
???
80%
???
80%
???
80%
???
75%
???
75%
Answer % Correct
???
70%
???
70%
???
70%
???
70%
???
70%
???
65%
???
65%
???
65%
???
65%
???
45%
???
40%
???
30%
???
30%
???
15%
???
5%

You're not logged in!

Compare scores with friends on all Sporcle quizzes.
OR
Log In

From the Vault

Superhero Slot Machine

by MitchellGoosen

Plot twist; Superman has a gambling problem.
Remove Ads.
Support Sporcle.
Get the best of Sporcle when you Go Orange. This ad-free experience offers more features, more stats, and more fun while also helping to support Sporcle. Thank you for becoming a member.

Show Comments

Extras

Created Dec 2, 2017ReportNominate
Tags:Here, storm

Top Quizzes Today


Score Distribution

Your Account Isn't Verified!

In order to create a playlist on Sporcle, you need to verify the email address you used during registration. Go to your Sporcle Settings to finish the process.

Report this User

Report this user for behavior that violates our Community Guidelines.

Details: